Arbitration in construction disputes : An outline for intending arbitrators

Bibliographic Details
Main Author: C. H. Teoh
Format: Book
Published: Petaling Jaya : Longman , 1992
Subjects:

MARC

LEADER 00000cam a2200000 7i4500
001 0000006896
005 20050701.0
020 |a 9679767639 
040 |a INS 
090 0 0 |a KF902   |b C111 1992 
100 1 |a C. H. Teoh 
245 1 0 |a Arbitration in construction disputes :   |b An outline for intending arbitrators   |c C. H. Teoh 
260 |a Petaling Jaya :   |b Longman ,   |c 1992 
300 |a 222p ;   |c 22cm. 
650 0 0 |a Arbitration and award   |z United States 
650 0 0 |a Breach of contract   |z United States 
650 0 0 |a Construction contract   |z United States 
999 |a 0000007622   |b BOOK   |c Open Shelf   |e Default branch